[Event "10 Little Indians"]
[Site "SchemingMind.com"]
[Date "2005.12.31"]
[Round "-"]
[White "Scotty919"]
[Black "toguints"]
[Result "1-0"]
[WhiteCountry "ENG"]
[BlackCountry "PHI"]
[WhiteElo "1337"]
[WhiteRD "68"]
[BlackElo "1439"]
[BlackRD "73"]
[GameID "34649"]

1. Nf3 d5 2. g3 e6 3. Bg2 Nf6 4. d4 Bd6 5. Nc3 Nc6 6. O-O O-O 7. Bg5 h6 8. Bxf6 Qxf6 9. b3 e5 10. dxe5 Nxe5
11. Nxd5 Qg6 12. Nxe5 Bxe5 13. Ne7+ Kh7 14. Nxg6 Kxg6 15. Qd3+ Bf5 16. Qb5 Bxa1 17. Rxa1 Bxc2 18. Bxb7 Rab8 19. Qc6+ Kh7 20. Qxc2+ g6
21. Qxc7 a5 22. Bd5 Rbc8 23. Qxa5 f5 24. Qa7+ Kh8 25. Qa6 Rcd8 26. Rd1 Rfe8 27. Qf6+ Kh7 28. b4 Rf8 29. Qe7+ Kh8 30. Bb3 Rfe8
31. Qa7 Ra8 32. Qd4+ Kh7 33. a4 Rxe2 34. Qd7+ Kh8 35. Qb7 Rae8 36. a5 Rb2 37. Rd3 Rb1+ 38. Kg2 Rbe1 39. Qc7 g5 40. Rd8 Re7
41. Qd6 Rxd8 42. Qxd8+
1-0

[Event "10 Little Indians"]
[Site "SchemingMind.com"]
[Date "2006.01.03"]
[Round "-"]
[White "Scotty919"]
[Black "Alien"]
[Result "1-0"]
[WhiteCountry "ENG"]
[BlackCountry "USA"]
[WhiteElo "1337"]
[WhiteRD "68"]
[BlackElo "1107"]
[BlackRD "90"]
[GameID "34650"]

1. Nf3 d5 2. g3 Nf6 3. Bg2 Bf5 4. d3 e6 5. O-O Bc5 6. e3 O-O 7. Nc3 Nc6 8. b3 e5 9. Bb2 e4 10. dxe4 Nxe4
11. Nxd5 Be6 12. Nc3 Nxc3 13. Bxc3
1-0

[Event "10 Little Indians"]
[Site "SchemingMind.com"]
[Date "2005.12.30"]
[Round "-"]
[White "antje"]
[Black "Scotty919"]
[Result "0-1"]
[WhiteCountry "GER"]
[BlackCountry "ENG"]
[WhiteElo "1222"]
[WhiteRD "73"]
[BlackElo "1337"]
[BlackRD "68"]
[GameID "34651"]

1. Nf3 d5 2. g3 c5 3. Bg2 Nc6 4. Nc3 Nf6 5. O-O g6 6. d3 Bg7 7. Bg5 O-O 8. Re1 e5 9. e3 Qe7 10. Bxf6 Qxf6
11. Nxd5 Qd8 12. e4 Bg4 13. Qd2 Bf6 14. Nxf6+ Qxf6 15. Qc3 Bxf3 16. Bxf3 Qxf3 17. Re3 Qg4 18. Rae1 Nd4
0-1

[Event "10 Little Indians"]
[Site "SchemingMind.com"]
[Date "2005.12.30"]
[Round "-"]
[White "Andoni Zabala"]
[Black "Scotty919"]
[Result "1-0"]
[WhiteCountry "INT"]
[BlackCountry "ENG"]
[WhiteElo "1675"]
[WhiteRD "80"]
[BlackElo "1341"]
[BlackRD "77"]
[GameID "34652"]

1. Nf3 d5 2. g3 c5 3. Bg2 Nc6 4. O-O Nf6 5. d3 g6 6. Bf4 Bg7 7. Nbd2 Bg4 8. h3 Bxf3 9. Nxf3 Qd7 10. Ne5 Nxe5
11. Bxe5 Rc8 12. g4 O-O 13. f4 b6 14. e4 dxe4 15. dxe4 Qxd1 16. Raxd1 Rcd8 17. c4 Rxd1 18. Rxd1 a5 19. Bf3 h6= 20. h4 Kh7
21. g5 hxg5 22. hxg5 Ng8 23. Bxg7 Kxg7 24. Rd7 Re8= 25. Rb7 Rd8 26. Rxb6 Rd2 27. a4 Rc2 28. Rb5 Rc1+ 29. Kf2 Rc2+ 30. Be2 e6
31. Rxa5 Rxb2 32. Rxc5 Ra2 33. a5 Ne7 34. Rc7 Kf8 35. Ra7 Nc6 36. Ra8+ Ke7 37. a6 Nd4 38. Ke3 Nxe2 39. a7 Nc3 40. Kd3 Ra3
41. Kd4 Kd6 42. Rd8+ Ke7 43. a8=Q Rxa8 44. Rxa8 Ne2+ 45. Ke5 Ng3 46. Ra7+ Kf8 47. c5
1-0

[Event "10 Little Indians"]
[Site "SchemingMind.com"]
[Date "2005.12.30"]
[Round "-"]
[White "Ashmaster"]
[Black "Scotty919"]
[Result "1-0"]
[WhiteCountry "IRL"]
[BlackCountry "ENG"]
[WhiteElo "1399"]
[WhiteRD "65"]
[BlackElo "1310"]
[BlackRD "67"]
[GameID "34653"]

1. Nf3 d5 2. g3 c5 3. d4 Qa5+ 4. Bd2 Qb5 5. e4 Qxb2 6. Nc3 dxe4 7. Rb1 Qa3 8. Nb5 Qxa2 9. Nc7+ Kd8 10. Nxa8 exf3
11. Ra1 Qe6+ 12. Be3 a6 13. dxc5+ Nd7 14. Nb6 Nf6 15. Nxc8 Kxc8 16. Qxf3 Qe5 17. Rc1 Nxc5 18. Be2 Ncd7 19. Bf4 Qa5+ 20. Bd2 Qe5=
21. Qe3 Qxe3 22. Bxe3 e6 23. O-O Bd6 24. Rcd1 Be7 25. Bf3 Kb8 26. Rb1 Nd5 27. Bxd5 exd5 28. Bd4 Rc8 29. Bxg7 Rxc2 30. Rbc1 Rb2
31. Bxb2
1-0

[Event "10 Little Indians"]
[Site "SchemingMind.com"]
[Date "2005.12.30"]
[Round "-"]
[White "Thomas Payne"]
[Black "Scotty919"]
[Result "0-1"]
[WhiteCountry "ENG"]
[BlackCountry "ENG"]
[WhiteElo "1351"]
[WhiteRD "88"]
[BlackElo "1310"]
[BlackRD "67"]
[GameID "34654"]

1. Nf3 d5 2. g3 c5 3. Bg2 Nc6 4. d3 Nf6 5. c4 g6 6. cxd5 Nxd5 7. Qa4 Bd7 8. Qb3 e6 9. Qxb7 Ndb4 10. Na3 Rb8
11. Bg5 Be7 12. Bxe7 Kxe7 13. Qxb8 Qxb8 14. Ng5 Nd4 15. Kd1 f6 16. Ne4 Ba4+ 17. b3 Bc6 18. f3 Nxa2 19. Rxa2 Qxb3+ 20. Ke1 Qxa2
21. Nc4 Nc2+ 22. Kf2 Bxe4 23. fxe4 Rf8 24. Bf3 f5 25. e5 g5 26. h3 a5 27. g4 a4 28. gxf5 Rxf5 29. Nd6 Rxe5 30. Nc8+ Kd8
31. Nd6 Kd7 32. Nf7 Rf5 33. Nh6 Rf8 34. Ng4 Nd4 35. Ne5+ Kc7 36. h4 Qxe2+ 37. Kg3 Nxf3 38. hxg5 Qxe5+ 39. Kg2 Nxg5 40. Rxh7+ Nxh7
41. Kh3 Qg5 42. d4 Nf6 43. dxc5 Rh8#
0-1

[Event "10 Little Indians"]
[Site "SchemingMind.com"]
[Date "2005.12.30"]
[Round "-"]
[White "klesley"]
[Black "Scotty919"]
[Result "1-0"]
[WhiteCountry "USA"]
[BlackCountry "ENG"]
[WhiteElo "1754"]
[WhiteRD "106"]
[BlackElo "1310"]
[BlackRD "67"]
[GameID "34655"]

1. Nf3 d5 2. g3 c5 3. d3 Nc6 4. c4 Nf6 5. Bg5 e5 6. cxd5 Qxd5 7. Bxf6 gxf6 8. Bg2 Bg7 9. Nc3 Qd7 10. e4 O-O
11. a3 b6 12. Nd2 Bh6 13. Nc4 Ba6 14. Nd5 Bg7 15. Ncxb6 axb6 16. Nxb6 Qb7 17. Nxa8 Rxa8 18. Qc2 Qb6 19. O-O Nd4 20. Qa4 Qxb2
21. Rab1 Qc3 22. Rfd1 h6= 23. Bf1 f5 24. exf5 Nxf5 25. Qc6 Ra7 26. Rb8+ Kh7 27. Qb6 Qc2 28. Qxa7 Bxd3 29. Rxd3 e4 30. Qxf7
1-0

[Event "10 Little Indians"]
[Site "SchemingMind.com"]
[Date "2005.12.30"]
[Round "-"]
[White "olivsan"]
[Black "Scotty919"]
[Result "1-0"]
[WhiteCountry "BRA"]
[BlackCountry "ENG"]
[WhiteElo "1365"]
[WhiteRD "94"]
[BlackElo "1337"]
[BlackRD "68"]
[GameID "34656"]

1. Nf3 d5 2. g3 c5 3. e3 Nc6 4. Bd3 Nf6 5. O-O g6 6. c3 e5 7. Qa4 e4 8. Bxe4 dxe4 9. Nh4 Bd7 10. Qb3 b6
11. Qc2 Qc7 12. c4 O-O-O 13. Nc3 Bg7 14. Nxe4 g5 15. Nxg5 Ne5 16. b3 h6 17. d4 cxd4 18. exd4 Neg4 19. Nxf7 Bc6 20. Qf5+ Kb8
21. Qg6 Rhg8 22. Bf4 Rd6 23. Bxd6
1-0

[Event "10 Little Indians"]
[Site "SchemingMind.com"]
[Date "2005.12.30"]
[Round "-"]
[White "toguints"]
[Black "Scotty919"]
[Result "1-0"]
[WhiteCountry "PHI"]
[BlackCountry "ENG"]
[WhiteElo "1439"]
[WhiteRD "73"]
[BlackElo "1337"]
[BlackRD "68"]
[GameID "34657"]

1. Nf3 d5 2. g3 c5 3. Bg2 Nc6 4. Nc3 Nf6 5. O-O g6 6. Ng5 e6 7. d3 h6 8. Nf3 Bg7 9. a4 e5 10. Bd2 a6
11. b3 Be6 12. Re1 a5 13. e3 Nh7 14. Nb5 e4 15. dxe4 dxe4 16. Bc3 Bxc3 17. Nxc3 O-O 18. Nd2 Bf5 19. Ndxe4 Nb4 20. g4 Bxe4
21. Nxe4 b6 22. Nf6+ Qxf6 23. Bxa8 Rxa8 24. f4 h5 25. h3 Rd8 26. Qe2 Qe6 27. gxh5 Re8 28. c3 Nd5 29. hxg6 Qxg6+ 30. Kh2 Nxc3
31. Qd2 Ne4 32. Qg2 Qxg2+ 33. Kxg2 Nhf6 34. Rab1 Kh8 35. Rbd1 Rg8+ 36. Kf3 Nc3 37. Rd6 Ncd5 38. e4 Rg6 39. exd5 Kg7 40. f5 Kh7
41. fxg6+
1-0

[Event "10 Little Indians"]
[Site "SchemingMind.com"]
[Date "2005.12.30"]
[Round "-"]
[White "Alien"]
[Black "Scotty919"]
[Result "0-1"]
[WhiteCountry "USA"]
[BlackCountry "ENG"]
[WhiteElo "1107"]
[WhiteRD "90"]
[BlackElo "1337"]
[BlackRD "68"]
[GameID "34658"]

1. Nf3 d5 2. g3 c5 3. Bg2 Nc6 4. O-O Nf6 5. d3 g6 6. Nbd2 e5 7. e4 Bg7 8. c3 O-O 9. Qe2 Bg4 10. exd5 Nxd5
11. Qe1 Bxf3 12. Nxf3 Re8 13. b3 e4
0-1

[Event "10 Little Indians"]
[Site "SchemingMind.com"]
[Date "2006.01.11"]
[Round "-"]
[White "asperse"]
[Black "antje"]
[Result "1-0"]
[WhiteCountry "ENG"]
[BlackCountry "GER"]
[WhiteElo "1327"]
[WhiteRD "65"]
[BlackElo "1222"]
[BlackRD "73"]
[GameID "34905"]

1. Nf3 d5 2. g3 Nc6 3. Nc3 Bg4 4. Bg2 Nf6 5. O-O e6 6. d4 Bd6 7. Bg5 O-O 8. Qd3 Bf5 9. Qd2 Na5 10. b3 a6
11. Ne5 b6 12. a3 h6 13. Bxf6 Qxf6 14. Nd7 Qe7 15. Nxf8 Rxf8 16. b4 Nc4 17. Qc1
1-0

[Event "10 Little Indians"]
[Site "SchemingMind.com"]
[Date "2006.01.10"]
[Round "-"]
[White "asperse"]
[Black "Andoni Zabala"]
[Result "0-1"]
[WhiteCountry "ENG"]
[BlackCountry "INT"]
[WhiteElo "1324"]
[WhiteRD "69"]
[BlackElo "1682"]
[BlackRD "77"]
[GameID "34906"]

1. Nf3 d5 2. g3 Nf6 3. Bg2 Bf5 4. O-O e6 5. Nc3 Be7 6. d3 c5 7. Bg5 h6 8. Bxf6 Bxf6 9. Na4 Nd7 10. c3 b5
11. Nxc5 Nxc5 12. d4 Na4 13. Qb3 a6 14. Nh4 Bxh4 15. gxh4 Qxh4 16. Rae1= Qg5 17. Kh1 h5 18. e4 dxe4 19. d5 Rd8 20. dxe6 Bxe6
21. Rxe4 Nc5 22. Qc2 Nxe4 23. Qxe4 O-O 24. Rg1 Rfe8 25. Qc2 Rd2 26. Qe4 Bd7 27. Qf3 Rxb2 28. Bh3 Qd2 29. Qg3 g6 30. Bxd7 Qd5+
31. Rg2 Rb1#
0-1

[Event "10 Little Indians"]
[Site "SchemingMind.com"]
[Date "2006.01.02"]
[Round "-"]
[White "asperse"]
[Black "Ashmaster"]
[Result "0-1"]
[WhiteCountry "ENG"]
[BlackCountry "IRL"]
[WhiteElo "1305"]
[WhiteRD "62"]
[BlackElo "1399"]
[BlackRD "65"]
[GameID "34907"]

1. Nf3 d5 2. g3 c5 3. Bg2 Nc6 4. O-O e5 5. c3 Bg4 6. Qa4 Bxf3 7. Bxf3 e4 8. Bg4 Nf6 9. Bh3 Bd6 10. Re1 O-O
11. d3 Re8 12. dxe4 Nxe4 13. f3 Nf6 14. c4 d4 15. Qd1 Ne5 16. b3 a6 17. Bf4 b5 18. cxb5 axb5 19. Na3 Rxa3 20. Bxe5 Bxe5
21. Qc1 Ra8 22. Qxc5 Rb8 23. e3 dxe3 24. Rad1 Qb6 25. Qxb6 Rxb6 26. Rxe3 Rb7 27. f4 Bb8 28. Red3 Kf8 29. Bg2 Rbe7 30. Rd8 Rxd8
31. Rxd8+ Re8 32. Rxe8+ Kxe8 33. Bc6+ Ke7 34. Bxb5 Nd5 35. Bc4 Nc3 36. a4 f6 37. a5 Kd6 38. b4 Ba7+ 39. Kf1 Be3 40. b5 Kc5
41. b6 Kxc4 42. b7 Ba7 43. a6 Kb5
0-1

[Event "10 Little Indians"]
[Site "SchemingMind.com"]
[Date "2006.01.02"]
[Round "-"]
[White "asperse"]
[Black "Thomas Payne"]
[Result "1-0"]
[WhiteCountry "ENG"]
[BlackCountry "ENG"]
[WhiteElo "1305"]
[WhiteRD "62"]
[BlackElo "1351"]
[BlackRD "88"]
[GameID "34908"]

1. Nf3 d5 2. g3 f6 3. Bg2 Nc6 4. O-O Bg4 5. c3 b5 6. d4 a6 7. Nbd2 g6 8. e4 dxe4 9. Nxe4 Bxf3 10. Bxf3 Qd7
11. Nc5 Qd6 12. Bf4 e5 13. dxe5 Qxc5 14. exf6 Nxf6 15. Bxc7 Be7 16. b4 Qxc3 17. Rc1 Qxb4 18. Bxc6+ Kf8 19. Bxa8 Kg7 20. Bf3 Rc8
21. Be5 Rxc1 22. Qxc1 Qc4= 23. Qd1 Qxa2 24. Qd7 Qf7 25. Bd5 Qf8 26. Rc1 Kh6 27. Bf4+ Kg7 28. Be5 Kh6 29. Bxf6 Qxf6 30. Qh3+ Kg7
31. Rc7 Qa1+ 32. Kg2 Qe5 33. Qd7 Kh6 34. Qxe7 Qxd5+ 35. Kh3 Qf5+ 36. g4 Qf3+ 37. Kh4 Qxf2+ 38. Kh3 Qf1+ 39. Kg3 Qg1+ 40. Kf4 Qxh2+
41. Ke4 Qe2+ 42. Kd5 Qa2+ 43. Kc6 Qc4+ 44. Kb7 Qxg4 45. Qxh7+ Kg5 46. Rc5+ Kf6 47. Qh8+ Kf7 48. Rc6 Qd7+ 49. Rc7 Qxc7+ 50. Kxc7 b4
51. Qa1 Ke6 52. Qxa6+ Kf5 53. Qb5+ Kf6 54. Qxb4 Kg7 55. Qd4+ Kh6 56. Qf6 Kh5 57. Qf3+ Kh6 58. Qh3+ Kg5 59. Kd7 Kf6 60. Qh4+ Kf7
61. Qg5 Kf8 62. Ke6 Kg7 63. Ke7 Kh8 64. Kf7 Kh7 65. Qh4#
1-0

[Event "10 Little Indians"]
[Site "SchemingMind.com"]
[Date "2006.01.02"]
[Round "-"]
[White "asperse"]
[Black "klesley"]
[Result "0-1"]
[WhiteCountry "ENG"]
[BlackCountry "USA"]
[WhiteElo "1305"]
[WhiteRD "62"]
[BlackElo "1754"]
[BlackRD "106"]
[GameID "34909"]

1. Nf3 d5 2. g3 c5 3. Bg2 Nc6 4. O-O e5 5. c3 Nf6 6. Qa4 Bd7 7. Qc2 Be7 8. d3 h6 9. e4 d4 10. cxd4 cxd4
11. b3 Nb4 12. Qe2 Rc8 13. Na3 a5 14. Nxe5 Na6 15. Nxd7 Qxd7 16. e5 Nd5 17. Bxd5 Qxd5 18. Nc2 O-O 19. Ba3 Bxa3 20. Nxa3 Qc5
21. Nc4 Nb4 22. Rfc1 Qe7 23. a3 Nc6 24. Nd6 Rcd8 25. b4 Rxd6 26. Re1 Re6 27. f4 axb4 28. axb4 Nxb4 29. Ra5 f5 30. Rb1 Qc7
31. Rb5 Qc2 32. Qf1 Na6 33. Rxb7 Rc8 34. R7b2 Qc6 35. Ra2 Nc7 36. Rc1 Qb7 37. Rb1= Qd5 38. Rab2= Ra6 39. Qd1 Ra2 40. Rxa2 Qxa2
41. Qc1 Qa6 42. Qb2= Qxd3 43. Qa2+ Kh7 44. e6 Qe3+ 45. Kf1 Nxe6 46. Re1 Rc1 47. Rxc1 Qxc1+ 48. Kg2 Nc5 49. Kh3 d3
0-1

[Event "10 Little Indians"]
[Site "SchemingMind.com"]
[Date "2006.01.02"]
[Round "-"]
[White "asperse"]
[Black "Scotty919"]
[Result "0-1"]
[WhiteCountry "ENG"]
[BlackCountry "ENG"]
[WhiteElo "1305"]
[WhiteRD "62"]
[BlackElo "1310"]
[BlackRD "67"]
[GameID "34910"]

1. Nf3 d5 2. g3 c5 3. Bg2 Nc6 4. O-O e5 5. c3 Be7 6. Qa4 Nf6 7. Nxe5 Qd6 8. d4 Bd7 9. Nxd7 Kxd7 10. b3 cxd4
11. cxd4 a6 12. Ba3 Qe6 13. Bxe7 Kxe7 14. Nc3 b5 15. Qa3+ Kd7 16. Rac1 Nxd4 17. Rfe1 Rhc8 18. e3 Nf5 19. Bh3 g6 20. g4 Nd6
21. f3 Rc7 22. Nb1 Rxc1 23. Qxc1 Rc8 24. Qa3 Ra8 25. b4 Nc4 26. Qc1 Rc8 27. e4 dxe4 28. fxe4 Nxe4 29. Qd1+ Ke7 30. Qd3 f5
31. gxf5 gxf5 32. Bxf5 Qb6+ 33. Kf1 Qf2#
0-1

[Event "10 Little Indians"]
[Site "SchemingMind.com"]
[Date "2006.01.08"]
[Round "-"]
[White "asperse"]
[Black "olivsan"]
[Result "1/2-1/2"]
[WhiteCountry "ENG"]
[BlackCountry "BRA"]
[WhiteElo "1324"]
[WhiteRD "69"]
[BlackElo "1377"]
[BlackRD "89"]
[GameID "34911"]

1. Nf3 d5 2. g3 c5 3. Bg2 Nf6 4. O-O e6 5. Nc3 Bd6 6. d3 O-O 7. Bg5 Qa5 8. a3 Ng4 9. e4 Qc7 10. d4 cxd4
11. Nxd4 a6 12. Qxg4 e5 13. Nf3 Bxg4 14. Nxd5 Qxc2 15. Rab1 Nd7 16. b4 Rac8 17. Be7 Qxe4 18. Bxd6 Qxd5 19. Bxf8 Nxf8 20. Rfe1 e4
21. Nh4 Qd4 22. Rbd1 Bxd1 23. Rxe4 Rc1 24. Rxd4 Be2+ 25. Bf1 Bxf1 26. f4 Bh3+ 27. Kf2 Rc2+ 28. Kf3 Rc3+ 29. Kf2 Rxa3 30. Nf3 g6
31. Ng5 Ne6 32. Nxe6 fxe6 33. Rd8+ Kg7 34. Rd7+ Kg8 35. Rd8+ Kf7 36. Rd7+ Kg8 37. Rd8+ Kg7 38. Rd7+ Kg8
1/2-1/2

[Event "10 Little Indians"]
[Site "SchemingMind.com"]
[Date "2006.01.03"]
[Round "-"]
[White "asperse"]
[Black "toguints"]
[Result "1-0"]
[WhiteCountry "ENG"]
[BlackCountry "PHI"]
[WhiteElo "1305"]
[WhiteRD "62"]
[BlackElo "1453"]
[BlackRD "80"]
[GameID "34912"]

1. Nf3 d5 2. g3 e6 3. Bg2 Nf6 4. O-O Nc6 5. d4 Bd7 6. c3 Bd6 7. b4 O-O 8. Bg5 h6 9. Bxf6 Qxf6 10. a4 e5
11. dxe5 Nxe5 12. Nxe5 Bxe5 13. Bxd5 c6 14. Bf3 Bf5 15. Ra3 Rfd8 16. Qc1 Rd7 17. b5 Rad8 18. bxc6 Rc7 19. cxb7 Bd6 20. Rb3 Rb8
21. Nd2 g5 22. Ne4 Bxe4 23. Bxe4 Be5 24. Qc2 Bxc3 25. Bh7+ Kg7 26. Be4 Ba5 27. Qd3 Rc3 28. Rxc3 Bxc3 29. Qc4 Kf8 30. Rc1 Bd4
31. e3 Bb2 32. Rc2 Be5 33. Qc8+ Rxc8 34. bxc8=Q+ Kg7 35. Qf5 Qd8 36. Qxe5+ f6 37. Qc7+
1-0

[Event "10 Little Indians"]
[Site "SchemingMind.com"]
[Date "2006.01.03"]
[Round "-"]
[White "asperse"]
[Black "Alien"]
[Result "1-0"]
[WhiteCountry "ENG"]
[BlackCountry "USA"]
[WhiteElo "1327"]
[WhiteRD "65"]
[BlackElo "1107"]
[BlackRD "90"]
[GameID "34913"]

1. Nf3 d5 2. g3 Bf5 3. Bg2 e6 4. O-O Nf6 5. d4 Bd6 6. Nc3 O-O 7. Bg5 Nbd7 8. Nh4 c5 9. dxc5 Bxc5 10. Nxf5 Qc7
11. Nb5
1-0

[Event "10 Little Indians"]
[Site "SchemingMind.com"]
[Date "2006.01.02"]
[Round "-"]
[White "antje"]
[Black "asperse"]
[Result "0-1"]
[WhiteCountry "GER"]
[BlackCountry "ENG"]
[WhiteElo "1222"]
[WhiteRD "73"]
[BlackElo "1327"]
[BlackRD "65"]
[GameID "34914"]

1. Nf3 d5 2. g3 c5 3. Bg2 e6 4. d3 Bd6 5. O-O Nf6 6. Bg5 h6 7. Nc3 hxg5 8. Nxg5 O-O 9. e4 dxe4 10. Ncxe4 Nxe4
11. Bxe4 g6 12. Nh3 Bd7 13. Re1 Bc6 14. Qf3 Bxe4 15. Qxe4 Nc6 16. Ng5 Qxg5 17. c3 f5
0-1

[Event "10 Little Indians"]
[Site "SchemingMind.com"]
[Date "2006.01.02"]
[Round "-"]
[White "Andoni Zabala"]
[Black "asperse"]
[Result "1-0"]
[WhiteCountry "INT"]
[BlackCountry "ENG"]
[WhiteElo "1551"]
[WhiteRD "85"]
[BlackElo "1305"]
[BlackRD "62"]
[GameID "34915"]

1. Nf3 d5 2. g3 c5 3. Bg2 e6 4. O-O Nf6 5. d3 Bd6 6. Nbd2 O-O 7. Re1 b5 8. e4 dxe4 9. dxe4 c4 10. e5 a5
11. exf6 Qxf6 12. Ne4 Qe7 13. Qxd6 Qxd6 14. Nxd6 Bd7 15. Ne5 Ra6 16. Rd1 f6 17. Nxd7
1-0

[Event "10 Little Indians"]
[Site "SchemingMind.com"]
[Date "2006.01.02"]
[Round "-"]
[White "Ashmaster"]
[Black "asperse"]
[Result "1-0"]
[WhiteCountry "IRL"]
[BlackCountry "ENG"]
[WhiteElo "1399"]
[WhiteRD "65"]
[BlackElo "1305"]
[BlackRD "62"]
[GameID "34916"]

1. Nf3 d5 2. g3 f6 3. Bg2 e5 4. d3 Nc6 5. c3 Bc5 6. O-O Nge7 7. Nbd2 O-O 8. Nb3 b6 9. Nxc5 bxc5 10. Nd2 a5
11. a4 Bb7 12. Nb3 c4 13. dxc4 dxc4 14. Nc5 Rb8 15. Nxb7 Rxb7 16. Be3 Rxb2 17. Bc5 Re8 18. Bxe7 Nxe7 19. e3 Qxd1 20. Rfxd1 Rb3
21. Rdc1 c6 22. Kf1 Nd5 23. Bxd5+ cxd5 24. Ke2 Rb2+ 25. Kd1 Rxf2 26. Rc2 Rxc2 27. Kxc2 Rd8 28. Rb1 d4 29. exd4 exd4 30. cxd4 Rxd4
31. Kc3 Rg4 32. Rb5 Kf7 33. Rxa5 Rg5 34. Rxg5 fxg5 35. Kxc4 Ke8 36. Kd5 Kd8 37. Kc6 Kc8 38. a5 Kb8 39. Kd7 Ka8 40. Ke7 Ka7
41. Kf7 Ka6 42. Kxg7 Kxa5 43. Kxh7 Kb4 44. Kg6 Kc4 45. Kxg5 Kd3 46. Kf5 Ke3 47. h4 Kf3 48. g4 Kg3 49. h5 Kh4 50. h6 Kh3
51. g5 Kh4 52. g6 Kh5 53. h7 Kh4 54. h8=Q+ Kg3 55. g7 Kf2 56. g8=Q Kf1 57. Qh2
1-0

[Event "10 Little Indians"]
[Site "SchemingMind.com"]
[Date "2006.01.02"]
[Round "-"]
[White "Thomas Payne"]
[Black "asperse"]
[Result "1/2-1/2"]
[WhiteCountry "ENG"]
[BlackCountry "ENG"]
[WhiteElo "1351"]
[WhiteRD "88"]
[BlackElo "1305"]
[BlackRD "62"]
[GameID "34917"]

1. Nf3 d5 2. g3 c6 3. Bg2 Nf6 4. d4 g6 5. Bg5 Bg7 6. O-O O-O 7. Qc1 Bg4 8. Bh6 Bxh6 9. Qxh6 Na6 10. h3 Bxf3
11. Bxf3 Nb4 12. Na3 Qd6 13. c3 Na6 14. Qf4 Qxf4 15. gxf4 b5 16. b4 Nc7=
1/2-1/2

[Event "10 Little Indians"]
[Site "SchemingMind.com"]
[Date "2006.01.02"]
[Round "-"]
[White "klesley"]
[Black "asperse"]
[Result "1-0"]
[WhiteCountry "USA"]
[BlackCountry "ENG"]
[WhiteElo "1754"]
[WhiteRD "106"]
[BlackElo "1305"]
[BlackRD "62"]
[GameID "34918"]

1. Nf3 d5 2. g3 Nf6 3. Bg2 c5 4. d4 e6 5. Bf4 Be7 6. c3 O-O 7. Nbd2 Ne4 8. Qc2 cxd4 9. Nxd4 Nxd2 10. Qxd2 Nc6
11. Nxc6 bxc6 12. O-O-O Bd6 13. e4 Bxf4 14. Qxf4 Qb6 15. exd5 cxd5 16. c4 Rb8 17. b3 dxc4 18. Qxc4 Bd7 19. Qd4 Qxd4 20. Rxd4 Rbc8+
21. Kb2 Bc6= 22. Bxc6 Rxc6= 23. Rhd1 Rcc8 24. R1d2 h6 25. Rd7 a5 26. Ka3 f5 27. Ra7 Rc5 28. Rdd7 Rfc8 29. Rxg7+ Kf8 30. Rh7 Rc2
31. Rh8#
1-0

[Event "10 Little Indians"]
[Site "SchemingMind.com"]
[Date "2006.01.02"]
[Round "-"]
[White "Scotty919"]
[Black "asperse"]
[Result "0-1"]
[WhiteCountry "ENG"]
[BlackCountry "ENG"]
[WhiteElo "1310"]
[WhiteRD "67"]
[BlackElo "1305"]
[BlackRD "62"]
[GameID "34919"]

1. Nf3 d5 2. g3 c6 3. d3 Nf6 4. Bg2 Bg4 5. h3 Bxf3 6. Bxf3 e5 7. b3 Bc5 8. O-O O-O 9. Nc3 b5 10. Qd2 a5
11. e4 dxe4 12. Bxe4 Bd4 13. Bb2 Bxc3 14. Bxc3 b4 15. Rfe1 bxc3 16. Qxc3 Nxe4 17. Rxe4 Nd7 18. Qxc6 Rc8 19. Qb5 Rxc2 20. Ra4 Qf6
21. Rf1 Nb8 22. Rxa5 Rfc8 23. Qxe5 Qxe5 24. Rxe5 Rxa2 25. Rfe1 Nd7 26. R5e3 g6 27. d4 Rcc2 28. Kf1 Rxf2+ 29. Kg1 Rg2+ 30. Kh1 Rh2+
31. Kg1 Rag2+ 32. Kf1 Ra2 33. R3e2 Raxe2 34. Rxe2 Rxh3 35. Re3 Nf6 36. Kg2 Rh5 37. Rf3 Ne4 38. g4 Rg5 39. Kh3 h6 40. b4 h5
41. gxh5 gxh5 42. Kh4 f6 43. d5 Kg7 44. Rd3 Nd6 45. Re3 Rxd5 46. Re7+ Kg6 47. Rd7 Nf5+ 48. Kh3 Rb5 49. Rd1 Rxb4 50. Rg1+ Kh6
51. Rf1 Rh4+ 52. Kg2 Ne3+ 53. Kf2 Nxf1 54. Kxf1 Rf4+ 55. Kg2= Rg4+ 56. Kf2= h4 57. Kf3 Kh5
0-1

[Event "10 Little Indians"]
[Site "SchemingMind.com"]
[Date "2006.01.02"]
[Round "-"]
[White "olivsan"]
[Black "asperse"]
[Result "1/2-1/2"]
[WhiteCountry "BRA"]
[BlackCountry "ENG"]
[WhiteElo "1377"]
[WhiteRD "89"]
[BlackElo "1324"]
[BlackRD "69"]
[GameID "34920"]

1. Nf3 d5 2. g3 c5 3. e3 Nc6 4. d3 Bf5 5. Bg2 e6 6. O-O Bd6 7. Nc3 Nf6 8. Ng5 O-O 9. b3 h6 10. Nf3 e5
11. d4 cxd4 12. exd4 exd4 13. Nxd4 Nxd4 14. Qxd4 Bc7 15. Bb2 Bb6 16. Qe5 Be6 17. Rad1 Ng4 18. Qe1 Ba5 19. a3 d4 20. b4 Bb6
21. Nb5 Bc4 22. Nxd4 Bxd4 23. Rxd4 Qb6 24. Qc3 Bxf1 25. Rd2 f6 26. Bxf1 Rfd8 27. h3 Rxd2 28. Qxd2 Rd8 29. Qf4 Ne5 30. c4 Qd6
31. Bxe5 Qxe5 32. Qxe5 fxe5 33. c5= g5 34. Be2 Kg7 35. Bf3 Kg6 36. Bxb7 Rd1+ 37. Kg2 Kf5 38. c6 Rc1 39. b5 Ke6 40. a4 Kd6
41. a5 Kc7 42. Ba8 e4=
1/2-1/2

[Event "10 Little Indians"]
[Site "SchemingMind.com"]
[Date "2006.01.02"]
[Round "-"]
[White "toguints"]
[Black "asperse"]
[Result "1-0"]
[WhiteCountry "PHI"]
[BlackCountry "ENG"]
[WhiteElo "1453"]
[WhiteRD "80"]
[BlackElo "1305"]
[BlackRD "62"]
[GameID "34921"]

1. Nf3 d5 2. g3 Nf6 3. d4 e6 4. e3 c5 5. Nc3 cxd4 6. Nxd4 Bb4 7. Bd2 O-O 8. Bd3 g6 9. O-O Nc6 10. a3 Bxc3
11. Bxc3 Nxd4 12. Bxd4 Re8 13. Qf3 e5 14. Bc3 d4 15. Bb5 Re6 16. exd4 exd4 17. Rfd1 Rd6 18. Bb4 Bg4 19. Qxb7 Rd7 20. Bxd7 Bxd7
21. Rxd4 Ne8 22. Rxd7 Qc8 23. Re1 Rb8 24. Qxa7 Nf6 25. Rxf7 Ne8 26. Rf8#
1-0

[Event "10 Little Indians"]
[Site "SchemingMind.com"]
[Date "2006.01.02"]
[Round "-"]
[White "Alien"]
[Black "asperse"]
[Result "0-1"]
[WhiteCountry "USA"]
[BlackCountry "ENG"]
[WhiteElo "1107"]
[WhiteRD "90"]
[BlackElo "1327"]
[BlackRD "65"]
[GameID "34922"]

1. Nf3 d5 2. g3 c6 3. Bg2 Bg4 4. O-O Qc8 5. d3 Bh3 6. Nbd2 Bxg2 7. Kxg2 e6 8. e4 dxe4 9. dxe4 Bd6 10. Nc4 Nf6
11. e5 Bxe5
0-1